| 000 | 00729nam a2200229 a 4500 | ||
|---|---|---|---|
| 005 | 20140310183459.0 | ||
| 008 | 100318s19uu xx 00 eng d | ||
| 020 | _a0781792215 | ||
| 050 |
_aRC 76 _b.P895 2007 |
||
| 100 | _aPrabhu, Fiona R. | ||
| 245 |
_aBates' guide to physical examination and history taking / _cFiona R. Prabhu, Lynn S. Bickley. |
||
| 250 | _a9th. ed. | ||
| 260 |
_aPhiladelphia : _bLippincott Williams & Wilkins, _c2007. |
||
| 300 | _a105 p. : | ||
| 521 | _aNUR | ||
| 650 | _aPhysical diagnosis. | ||
| 650 |
_aMedical _xHistory _xHandbooks, manuals, etc. |
||
| 650 |
_aPhysical examination _xMethods _xHandbooks, manuals, etc. |
||
| 700 | _aBickley, Lynn | ||
| 942 |
_cBK _2lcc _kLOC |
||
| 999 |
_c23792 _d23792 |
||